[Event "SC Rochade Emsdetten 3 - SC Klein-Berli"]
[Site "Verbandsklasse 2017/2018"]
[Date "2018.04.07"]
[Round "8.1"]
[White "Ratert, Matthias"]
[Black "Lehmann, Mona"]
[Result "1/2-1/2"]
[WhiteElo "1868"]
[BlackElo "1909"]
[PlyCount "47"]
[EventDate "2018.??.??"]
[SourceDate "2017.09.30"]

1. e4 c5 2. c3 d5 3. exd5 Qxd5 4. d4 Nf6 5. Nf3 cxd4 6. cxd4 e6 7. Nc3 Qd8 8.
Ne5 Bd7 9. Be2 Nc6 10. Be3 Bd6 11. Nxd7 Qxd7 12. O-O O-O 13. Bf3 Rfd8 14. Qa4
Rac8 15. Rac1 Bb8 16. Rfd1 Qd6 17. g3 Qe7 18. Ne4 Nd5 19. Nc5 Ncb4 20. Bd2 Nc6
21. Be3 Ncb4 22. Bd2 Nc6 23. Be3 Ncb4 24. Bd2 1/2-1/2

[Event "SC Rochade Emsdetten 3 - SC Klein-Berli"]
[Site "Verbandsklasse 2017/2018"]
[Date "2018.04.07"]
[Round "8.2"]
[White "Lücke, Thomas"]
[Black "Hauk, Viktor"]
[Result "0-1"]
[WhiteElo "1828"]
[BlackElo "1807"]
[PlyCount "78"]
[EventDate "2018.??.??"]
[SourceDate "2017.09.30"]

1. d4 d5 2. Bf4 Nf6 3. e3 e6 4. Nd2 c5 5. c3 Bd6 6. Bg3 Qe7 7. Ngf3 O-O 8. Bd3
Nc6 9. Ne5 Nd7 10. Nxd7 Bxd7 11. Bxd6 Qxd6 12. dxc5 Qxc5 13. Bxh7+ Kxh7 14.
Qh5+ Kg8 15. Ne4 Qc4 16. Ng5 Rfd8 17. Qxf7+ Kh8 18. Qh5+ Kg8 19. O-O-O Qxa2 20.
Qh7+ Kf8 21. Qh8+ Ke7 22. Qxg7+ Kd6 23. Nf7+ Kc7 24. Nxd8 Qa1+ 25. Kc2 Qa4+ 26.
Kb1 Rxd8 27. f3 b5 28. Qh7 Na5 29. Rhe1 Nc4 30. Qc2 Qa6 31. f4 b4 32. Rd4 Ba4
33. Qh7+ Rd7 34. Qd3 Bb3 35. Re2 Qa2+ 36. Kc1 bxc3 37. Qb1 Qa5 38. Qd3 cxb2+
39. Rxb2 Qe1+ 0-1

[Event "SC Rochade Emsdetten 3 - SC Klein-Berli"]
[Site "Verbandsklasse 2017/2018"]
[Date "2018.04.07"]
[Round "8.3"]
[White "Brinkmann, Franz-Josef"]
[Black "Gerighausen, Karl-Heinz"]
[Result "1-0"]
[WhiteElo "1758"]
[BlackElo "1659"]
[PlyCount "79"]
[EventDate "2018.??.??"]
[SourceDate "2017.09.30"]

1. e4 c5 2. Nf3 g6 3. d4 cxd4 4. Nxd4 Bg7 5. c3 Nc6 6. Be3 Nf6 7. Nd2 O-O 8.
Be2 d5 9. Nxc6 bxc6 10. e5 Ne8 11. Bd4 f6 12. exf6 Bxf6 13. Nf3 Qc7 14. Bxf6
exf6 15. O-O Nd6 16. Qc2 Bf5 17. Bd3 c5 18. Rad1 Rfd8 19. Rfe1 Rd7 20. Nh4 Be4
21. Bxe4 dxe4 22. g3 Rad8 23. c4 Qc6 24. b3 f5 25. Ng2 Nf7 26. Ne3 Ne5 27. Rxd7
Rxd7 28. Rd1 Nf3+ 29. Kg2 Rd3 30. Nd5 Rxd1 31. Qxd1 Qd6 32. Qa1 Nd4 33. Qb2 g5
34. Qd2 f4 35. gxf4 gxf4 36. Qxf4 Qxf4 37. Nxf4 a5 38. Nd5 a4 39. bxa4 Nc6 40.
Nc3 1-0

[Event "SC Rochade Emsdetten 3 - SC Klein-Berli"]
[Site "Verbandsklasse 2017/2018"]
[Date "2018.04.07"]
[Round "8.4"]
[White "Fehlings, Gerd"]
[Black "Huesmann, Stephan"]
[Result "1/2-1/2"]
[WhiteElo "1754"]
[BlackElo "1706"]
[PlyCount "40"]
[EventDate "2018.??.??"]
[SourceDate "2017.09.30"]

1. Nf3 f5 2. d4 Nf6 3. g3 d6 4. Bg2 c6 5. O-O g6 6. c4 Bg7 7. Qc2 Na6 8. Nc3
O-O 9. a3 Qe8 10. e4 Nh5 11. exf5 Bxf5 12. Qb3 Qd7 13. Be3 Rf7 14. Rad1 Bg4 15.
c5 e6 16. Ng5 Bxd1 17. Rxd1 Re7 18. cxd6 Qxd6 19. Bh3 Rae8 20. Nge4 Qc7 1/2-1/2

[Event "SC Rochade Emsdetten 3 - SC Klein-Berli"]
[Site "Verbandsklasse 2017/2018"]
[Date "2018.04.07"]
[Round "8.5"]
[White "Pohlmeier, Ulrich"]
[Black "Colmer, Willi"]
[Result "0-1"]
[WhiteElo "1602"]
[BlackElo "1773"]
[PlyCount "114"]
[EventDate "2018.??.??"]
[SourceDate "2017.09.30"]

1. d4 Nf6 2. c4 g6 3. g3 Bg7 4. Bg2 O-O 5. e4 d6 6. Ne2 c5 7. dxc5 Qa5+ 8. Nbc3
Qxc5 9. Qd3 Ng4 10. O-O Ne5 11. Qd5 Nxc4 12. Qxc5 dxc5 13. Nd5 Nc6 14. Rb1 e6
15. Nc7 Rb8 16. b3 Be5 17. Nb5 Nd6 18. Nxd6 Bxd6 19. Rd1 Be7 20. Be3 b6 21. f4
Ba6 22. Rd7 Rbc8 23. Nc3 Rfd8 24. Rbd1 Rxd7 25. Rxd7 Nb8 26. Rd2 Rd8 27. Rxd8+
Bxd8 28. e5 Bd3 29. Kf2 Na6 30. Be4 Bxe4 31. Nxe4 Be7 32. Nc3 Nc7 33. Ke2 Kf8
34. Kd3 Ke8 35. Kc4 Kd7 36. a4 a6 37. Bf2 Kc6 38. Bg1 Nd5 39. Nxd5 exd5+ 40.
Kd3 b5 41. axb5+ axb5 42. h3 c4+ 43. bxc4 bxc4+ 44. Kc3 Bc5 45. Bh2 Kb5 46. g4
d4+ 47. Kc2 Kc6 48. Bg3 Kd5 49. f5 d3+ 50. Kd2 Bd4 51. fxg6 fxg6 52. h4 Bxe5
53. Be1 Ke4 54. g5 c3+ 55. Kd1 Ke3 56. h5 d2 57. Bh4 Kd3 0-1

[Event "SC Rochade Emsdetten 3 - SC Klein-Berli"]
[Site "Verbandsklasse 2017/2018"]
[Date "2018.04.07"]
[Round "8.6"]
[White "Schulte, Ralf"]
[Black "Engfer, Klaus"]
[Result "1-0"]
[WhiteElo "1730"]
[BlackElo "1597"]
[PlyCount "100"]
[EventDate "2018.??.??"]
[SourceDate "2017.09.30"]

1. d4 d5 2. c4 e6 3. Nc3 Nf6 4. Bg5 Be7 5. e3 h6 6. Bh4 O-O 7. Nf3 Ne4 8. Bxe7
Qxe7 9. Qc2 Nxc3 10. Qxc3 Nc6 11. Rc1 a6 12. Bd3 Bd7 13. O-O Rfc8 14. cxd5 exd5
15. Qb3 Qd6 16. Rc5 Nd8 17. Qxd5 Qxd5 18. Rxd5 Be6 19. Ra5 Nc6 20. Ra3 Nb4 21.
Be4 c6 22. Bb1 c5 23. Be4 Rab8 24. Bb1 f6 25. h3 cxd4 26. Nxd4 Bf7 27. Ra4 Nc6
28. a3 Nxd4 29. Rxd4 Rc7 30. Rfd1 Bb3 31. Rd8+ Rxd8 32. Rxd8+ Kf7 33. Kh2 Ba4
34. Rd4 Bd7 35. Kg3 Be6 36. Be4 f5 37. Bd5 Bxd5 38. Rxd5 g6 39. Rd6 Kg7 40. Rb6
Kf7 41. Kf4 Re7 42. g3 Kg7 43. h4 Re4+ 44. Kf3 Re7 45. h5 gxh5 46. Kf4 Rf7 47.
Ke5 Kh7 48. Rf6 Re7+ 49. Kxf5 Kg7 50. Rg6+ Kf7 1-0

[Event "SC Rochade Emsdetten 3 - SC Klein-Berli"]
[Site "Verbandsklasse 2017/2018"]
[Date "2018.04.07"]
[Round "8.7"]
[White "Krümpelmann, Uwe"]
[Black "Bahr, Maximilian"]
[Result "1-0"]
[WhiteElo "1777"]
[BlackElo "1679"]
[PlyCount "51"]
[EventDate "2018.??.??"]
[SourceDate "2017.09.30"]

1. d4 d5 2. c4 e6 3. Nc3 c5 4. Nf3 Nc6 5. e3 Nf6 6. a3 Bd6 7. dxc5 Bxc5 8. b4
Bb6 9. Be2 O-O 10. O-O d4 11. exd4 Nxd4 12. Bf4 Nxe2+ 13. Qxe2 Nh5 14. Be5 Qe7
15. Nb5 Re8 16. c5 Bd8 17. Nd6 f6 18. Nxe8 Qxe8 19. Bd6 e5 20. Rad1 Nf4 21. Qe4
Bd7 22. Rfe1 Qh5 23. Bxe5 fxe5 24. Rxd7 Qg4 25. Nxe5 Bh4 26. Qc4+ 1-0

[Event "SC Rochade Emsdetten 3 - SC Klein-Berli"]
[Site "Verbandsklasse 2017/2018"]
[Date "2018.04.07"]
[Round "8.8"]
[White "Siebald, Jörg"]
[Black "Schmiemann, Karlheinz"]
[Result "1-0"]
[WhiteElo "1712"]
[BlackElo "1383"]
[PlyCount "59"]
[EventDate "2018.??.??"]
[SourceDate "2017.09.30"]

1. e4 e5 2. Nf3 Nc6 3. Bb5 d6 4. O-O Nf6 5. d3 Be7 6. h3 O-O 7. Be3 a6 8. Ba4
h6 9. Nc3 Be6 10. Nh2 Qc8 11. f4 exf4 12. Bxf4 Ne5 13. Nf3 Ng6 14. Bh2 b5 15.
Bb3 Qb7 16. Nd4 Bxb3 17. axb3 Qb6 18. Nce2 Nd7 19. Kh1 Bf6 20. Bg1 Qb7 21. c3
Nde5 22. Nf3 Nxf3 23. Rxf3 Ne5 24. Rf5 Ng6 25. Qd2 Nh4 26. Rxf6 gxf6 27. Qxh6
Ng6 28. Bd4 Ne5 29. Nf4 c5 30. Nh5 1-0

[Event "Indische Dame Münster 1 - Südlohner SV "]
[Site "Verbandsklasse 2017/2018"]
[Date "2018.04.07"]
[Round "8.1"]
[White "Sparwel, Oliver"]
[Black "Knispel-Roth, Martin"]
[Result "1/2-1/2"]
[WhiteElo "1884"]
[BlackElo "1889"]
[PlyCount "53"]
[EventDate "2018.??.??"]
[SourceDate "2017.09.30"]

1. d4 e6 2. c4 Nf6 3. Nf3 Bb4+ 4. Bd2 Qe7 5. a3 Bxd2+ 6. Nfxd2 d6 7. Nc3 e5 8.
d5 a5 9. e4 O-O 10. Be2 Ne8 11. O-O f5 12. exf5 Bxf5 13. Qb3 Bc8 14. Bg4 Bxg4
15. Qxb7 Ra6 16. Qxb8 Rb6 17. Qa7 Rxb2 18. Nde4 Nf6 19. f3 Bf5 20. Rf2 Nxe4 21.
Nxe4 Rfb8 22. Raf1 h6 23. Qxa5 Bxe4 24. fxe4 Rxf2 25. Rxf2 Qg5 26. Qe1 Ra8 27.
Qc3 1/2-1/2

[Event "Indische Dame Münster 1 - Südlohner SV "]
[Site "Verbandsklasse 2017/2018"]
[Date "2018.04.07"]
[Round "8.2"]
[White "Frie, Michael"]
[Black "Emming, Benedikt"]
[Result "1/2-1/2"]
[WhiteElo "1893"]
[BlackElo "1799"]
[PlyCount "57"]
[EventDate "2018.??.??"]
[SourceDate "2017.09.30"]

1. e4 c5 2. Nc3 Nc6 3. g3 d6 4. Bg2 Nf6 5. d3 Bg4 6. Nge2 Nd4 7. O-O Bf3 8. Be3
Nxe2+ 9. Nxe2 Bxg2 10. Kxg2 g6 11. f3 Bg7 12. c3 O-O 13. Qb3 Qc7 14. d4 c4 15.
Qc2 d5 16. e5 Nd7 17. h4 Qb6 18. Qd2 f5 19. Rh1 Rfe8 20. b3 cxb3 21. axb3 Kf7
22. c4 Qxb3 23. cxd5 Nb6 24. Rab1 Qxd5 25. Nf4 Qc6 26. Rhc1 Nc4 27. Qa2 b5 28.
Bf2 e6 29. Nd3 1/2-1/2

[Event "Indische Dame Münster 1 - Südlohner SV "]
[Site "Verbandsklasse 2017/2018"]
[Date "2018.04.07"]
[Round "8.3"]
[White "Harbers, Gerard"]
[Black "ter Veen, Michael"]
[Result "1-0"]
[WhiteElo "1905"]
[BlackElo "1668"]
[PlyCount "37"]
[EventDate "2018.??.??"]
[SourceDate "2017.09.30"]

1. e4 c5 2. Nf3 g6 3. d4 cxd4 4. Nxd4 Bg7 5. Nc3 d6 6. Be3 Nf6 7. f3 O-O 8. Qd2
Nc6 9. Bc4 Nxd4 10. Bxd4 a6 11. O-O-O Bd7 12. a4 Rc8 13. Bb3 Be6 14. a5 Nh5 15.
Bxg7 Kxg7 16. Nd5 Rc5 17. f4 Bxd5 18. Bxd5 Qc7 19. Rhf1 1-0

[Event "Indische Dame Münster 1 - Südlohner SV "]
[Site "Verbandsklasse 2017/2018"]
[Date "2018.04.07"]
[Round "8.4"]
[White "Glotzbach, Thomas"]
[Black "Richters, Alfred"]
[Result "1/2-1/2"]
[WhiteElo "1750"]
[BlackElo "1873"]
[PlyCount "62"]
[EventDate "2018.??.??"]
[SourceDate "2017.09.30"]

1. e4 e6 2. d4 d5 3. e5 c5 4. c3 Qb6 5. a3 Nc6 6. Nf3 f6 7. exf6 Nxf6 8. b4 c4
9. a4 a6 10. Bf4 Be7 11. Nbd2 O-O 12. Bg3 Bd7 13. Ne5 Be8 14. Be2 Nxe5 15. dxe5
Nd7 16. Bg4 Bf7 17. f4 Qe3+ 18. Qe2 Qxc3 19. O-O Bxb4 20. Nf3 Bc5+ 21. Kh1 Rfe8
22. Ng5 Nf8 23. Nxf7 Kxf7 24. f5 exf5 25. Bxf5 Kg8 26. Rae1 Be7 27. Qg4 Qa5 28.
Be6+ Nxe6 29. Qxe6+ Kh8 30. Rf7 Bf8 31. Qd7 Qd8 1/2-1/2

[Event "Indische Dame Münster 1 - Südlohner SV "]
[Site "Verbandsklasse 2017/2018"]
[Date "2018.04.07"]
[Round "8.5"]
[White "Telöken, Stefan"]
[Black "Dittberner, Markus"]
[Result "1/2-1/2"]
[WhiteElo "1739"]
[BlackElo "1638"]
[PlyCount "42"]
[EventDate "2018.??.??"]
[SourceDate "2017.09.30"]

1. c4 Nf6 2. g3 g6 3. Bg2 Bg7 4. Nf3 d6 5. O-O O-O 6. Nc3 e5 7. d3 c5 8. Bd2
Nc6 9. Rb1 h6 10. a3 a5 11. e3 Be6 12. Qc2 Rc8 13. Na4 Nd7 14. Nc3 Nb6 15. Na2
d5 16. cxd5 Nxd5 17. Nc3 Nxc3 18. bxc3 Qd7 19. c4 Rfd8 20. Ne1 f5 21. Bc3 Rb8
1/2-1/2

[Event "Indische Dame Münster 1 - Südlohner SV "]
[Site "Verbandsklasse 2017/2018"]
[Date "2018.04.07"]
[Round "8.6"]
[White "Overesch, Dieter"]
[Black "Schmeing, Manfred"]
[Result "1/2-1/2"]
[WhiteElo "1737"]
[BlackElo "1704"]
[PlyCount "50"]
[EventDate "2018.??.??"]
[SourceDate "2017.09.30"]

1. d4 Nf6 2. Nf3 g6 3. Bg5 Bg7 4. Nbd2 d5 5. e3 O-O 6. c3 Nbd7 7. b4 c6 8. Be2
Re8 9. O-O h6 10. Bf4 Nh5 11. Qc2 e5 12. dxe5 Nxe5 13. Nxe5 Bxe5 14. Bxh5 gxh5
15. Bxe5 Rxe5 16. Qd3 Qe7 17. Rae1 Bf5 18. Qd4 Kh7 19. f4 Re6 20. Rf3 h4 21.
Rf2 b6 22. Rfe2 Re8 23. a3 Bg4 24. Nf3 h3 25. Qd3+ f5 1/2-1/2

[Event "Indische Dame Münster 1 - Südlohner SV "]
[Site "Verbandsklasse 2017/2018"]
[Date "2018.04.07"]
[Round "8.7"]
[White "Musholt, Joachim"]
[Black "Everke, Enrique"]
[Result "1/2-1/2"]
[WhiteElo "1737"]
[BlackElo "1641"]
[PlyCount "32"]
[EventDate "2018.??.??"]
[SourceDate "2017.09.30"]

1. e4 c5 2. Nf3 d6 3. d4 cxd4 4. Nxd4 Nf6 5. Nc3 a6 6. Be3 e6 7. f3 Be7 8. Qd2
b5 9. O-O-O Qc7 10. Kb1 Bb7 11. g4 Nc6 12. Nxc6 Bxc6 13. h4 b4 14. Ne2 a5 15.
Nd4 Rb8 16. b3 a4 1/2-1/2

[Event "Indische Dame Münster 1 - Südlohner SV "]
[Site "Verbandsklasse 2017/2018"]
[Date "2018.04.07"]
[Round "8.8"]
[White "Janocha, Hans-Dieter"]
[Black "Böcker, Manfred"]
[Result "0-1"]
[WhiteElo "1552"]
[BlackElo "1839"]
[PlyCount "84"]
[EventDate "2018.??.??"]
[SourceDate "2017.09.30"]

1. e4 c6 2. d4 d5 3. e5 Bf5 4. Bd3 Bxd3 5. Qxd3 e6 6. Nf3 Qa5+ 7. Nbd2 Qa6 8.
c4 Ne7 9. O-O dxc4 10. Qxc4 Nd5 11. Qxa6 Nxa6 12. a3 c5 13. b3 Be7 14. Ne4 O-O
15. Bb2 Rfd8 16. Rfd1 h6 17. Rac1 Rac8 18. g3 b6 19. Kf1 Rc7 20. Rd2 Rcd7 21.
Rcd1 Nb8 22. Nc3 Nc6 23. Nxd5 Rxd5 24. dxc5 bxc5 25. Bc3 f6 26. Rxd5 exd5 27.
exf6 Bxf6 28. Bxf6 gxf6 29. Nd2 c4 30. Rc1 Ne5 31. bxc4 dxc4 32. Ne4 f5 33. Nc3
Rd2 34. Ne2 Ra2 35. Rc3 Kf7 36. h3 Ra1+ 37. Kg2 Ra2 38. Kf1 Kf6 39. Nd4 Rd2 40.
Ne2 Rd3 41. Rxd3 Nxd3 42. Ng1 c3 0-1

[Event "SF Stadtlohn 1 - SG Turm Raesfeld/Erle "]
[Site "Verbandsklasse 2017/2018"]
[Date "2018.04.07"]
[Round "8.2"]
[White "Kloster, Daniel"]
[Black "Brömmel, Chris"]
[Result "1/2-1/2"]
[WhiteElo "1768"]
[BlackElo "1775"]
[PlyCount "50"]
[EventDate "2018.??.??"]
[SourceDate "2017.09.30"]

1. d4 Nf6 2. Nf3 d5 3. Bf4 Bf5 4. e3 c6 5. c3 Qb6 6. Qb3 Nbd7 7. Nbd2 e6 8. h3
Be7 9. Be2 O-O 10. O-O c5 11. Qxb6 Nxb6 12. Rac1 Ne4 13. Nxe4 Bxe4 14. Nd2 Bg6
15. dxc5 Bxc5 16. Nb3 Be7 17. Na5 Na4 18. b3 Nc5 19. Rfd1 b6 20. Nc6 Bf6 21.
Bd6 Rfc8 22. Ne7+ Bxe7 23. Bxe7 Ne4 24. c4 Rc7 25. Ba3 dxc4 1/2-1/2

[Event "SF Stadtlohn 1 - SG Turm Raesfeld/Erle "]
[Site "Verbandsklasse 2017/2018"]
[Date "2018.04.07"]
[Round "8.3"]
[White "Fasselt, Hendrik"]
[Black "Bußwolder, Peter"]
[Result "1/2-1/2"]
[WhiteElo "1833"]
[BlackElo "1758"]
[PlyCount "61"]
[EventDate "2018.??.??"]
[SourceDate "2017.09.30"]

1. b3 d5 2. e3 c5 3. Bb2 Nc6 4. Nf3 Nf6 5. Be2 Bf5 6. O-O e6 7. d3 Be7 8. Nbd2
O-O 9. Nh4 Bg6 10. Nxg6 hxg6 11. Re1 e5 12. Bf3 Rc8 13. a3 Qd6 14. c4 d4 15.
Ne4 Nxe4 16. Bxe4 Rfe8 17. Qg4 Bf8 18. Rf1 b6 19. Rae1 Ne7 20. exd4 exd4 21.
Qd1 Nf5 22. g3 Re7 23. Bc1 Rce8 24. Bg5 Re6 25. Bd5 Rxe1 26. Rxe1 Rxe1+ 27.
Qxe1 Ne7 28. Bf4 Qd7 29. Bf3 Nf5 30. Bg4 Qc6 31. Qe2 1/2-1/2

[Event "SF Stadtlohn 1 - SG Turm Raesfeld/Erle "]
[Site "Verbandsklasse 2017/2018"]
[Date "2018.04.07"]
[Round "8.4"]
[White "Wensing, Herbert"]
[Black "Kadenbach, Wolfgang"]
[Result "0-1"]
[WhiteElo "1685"]
[BlackElo "1726"]
[PlyCount "48"]
[EventDate "2018.??.??"]
[SourceDate "2017.09.30"]

1. e4 e6 2. d4 d5 3. Nd2 c5 4. dxc5 dxe4 5. c3 Bxc5 6. Qa4+ Nc6 7. Nxe4 Be7 8.
Be3 Nf6 9. Rd1 Qc7 10. Bd3 O-O 11. Nf3 Nd5 12. Bg5 Bd7 13. Qc2 Bxg5 14. Nexg5
h6 15. Ne4 Rac8 16. Nc5 Be8 17. a3 Ne5 18. Ne4 Nxd3+ 19. Qxd3 Nf4 20. Qd2 Ba4
21. Nd6 Bxd1 22. Nxc8 Bxf3 23. Nd6 Nxg2+ 24. Kf1 Re8 0-1

[Event "SF Stadtlohn 1 - SG Turm Raesfeld/Erle "]
[Site "Verbandsklasse 2017/2018"]
[Date "2018.04.07"]
[Round "8.5"]
[White "Tünte, Marcel"]
[Black "Pusch, Herbert"]
[Result "1/2-1/2"]
[WhiteElo "1784"]
[BlackElo "1541"]
[PlyCount "63"]
[EventDate "2018.??.??"]
[SourceDate "2017.09.30"]

1. e4 g6 2. d4 Bg7 3. Nf3 e6 4. Nc3 a6 5. g3 Ne7 6. Bg2 d6 7. O-O O-O 8. Be3 f5
9. Bg5 h6 10. Bxe7 Qxe7 11. e5 Kh7 12. Qe2 d5 13. Na4 Bd7 14. Nc5 Bb5 15. Nd3
b6 16. a4 Bc6 17. b4 Nd7 18. c3 Rfc8 19. Rfc1 Nf8 20. Qb2 Be8 21. c4 c6 22. c5
b5 23. axb5 axb5 24. Ra2 Rxa2 25. Qxa2 Rc7 26. Ra1 g5 27. Nd2 Ng6 28. Nb3 h5
29. Qd2 Bh6 30. Qe2 g4 31. f4 h4 32. Kf2 1/2-1/2

[Event "SF Stadtlohn 1 - SG Turm Raesfeld/Erle "]
[Site "Verbandsklasse 2017/2018"]
[Date "2018.04.07"]
[Round "8.6"]
[White "Dücker, Marcel"]
[Black "Droste, Laurenz"]
[Result "1/2-1/2"]
[WhiteElo "1428"]
[BlackElo "1646"]
[PlyCount "53"]
[EventDate "2018.??.??"]
[SourceDate "2017.09.30"]

1. d4 e6 2. Nf3 b6 3. e3 Bb7 4. c4 Bb4+ 5. Bd2 Nc6 6. Bxb4 Nxb4 7. Nc3 Ne7 8.
a3 Na6 9. b4 c5 10. b5 Nc7 11. dxc5 bxc5 12. a4 O-O 13. Be2 d5 14. O-O Nf5 15.
Bd3 Qf6 16. Bxf5 Qxf5 17. Nd2 Rad8 18. Ne2 dxc4 19. Qc1 Qg4 20. Ng3 h5 21. Qd1
Qg5 22. Nf3 Qg4 23. h3 Qg6 24. Qe2 Bxf3 25. Qxf3 h4 26. Ne4 Rd5 27. Rfc1
1/2-1/2

[Event "SF Stadtlohn 1 - SG Turm Raesfeld/Erle "]
[Site "Verbandsklasse 2017/2018"]
[Date "2018.04.07"]
[Round "8.7"]
[White "Grömping, Franz-Josef"]
[Black "Sholeh, Othman"]
[Result "1/2-1/2"]
[WhiteElo "1645"]
[BlackElo "1440"]
[PlyCount "47"]
[EventDate "2018.??.??"]
[SourceDate "2017.09.30"]

1. e4 c5 2. Nf3 e6 3. d4 Nf6 4. e5 Nd5 5. Nc3 Nxc3 6. bxc3 d5 7. exd6 Qxd6 8.
Ne5 Be7 9. Qg4 O-O 10. Bf4 Qb6 11. Nc4 Qd8 12. Qg3 Nc6 13. dxc5 Bxc5 14. Rd1
Qf6 15. Be2 Qg6 16. Bd3 Qxg3 17. hxg3 h6 18. Be4 Rd8 19. Rxd8+ Nxd8 20. Ke2 f5
21. Bf3 Bd7 22. Ne5 Bb5+ 23. c4 Ba6 24. Rd1 1/2-1/2

[Event "SF Stadtlohn 1 - SG Turm Raesfeld/Erle "]
[Site "Verbandsklasse 2017/2018"]
[Date "2018.04.07"]
[Round "8.8"]
[White "Veldscholten, Jarod"]
[Black "Terhart, Jürgen"]
[Result "1/2-1/2"]
[WhiteElo "1188"]
[BlackElo "1759"]
[PlyCount "27"]
[EventDate "2018.??.??"]
[SourceDate "2017.09.30"]

1. d4 d5 2. e4 dxe4 3. Nc3 Nf6 4. f3 e6 5. Bg5 Be7 6. fxe4 c6 7. Nf3 Nbd7 8. e5
Nd5 9. Ne4 f6 10. Bh4 Nf8 11. Bd3 Ng6 12. Bg3 f5 13. Ned2 Bd7 14. c4 1/2-1/2

[Event "SK Gescher 1 - SC Hiltrup 1"]
[Site "Verbandsklasse 2017/2018"]
[Date "2018.04.07"]
[Round "8.1"]
[White "Kammers, Heribert"]
[Black "Eißing, Christoph"]
[Result "1/2-1/2"]
[WhiteElo "1992"]
[BlackElo "1991"]
[PlyCount "51"]
[EventDate "2018.??.??"]
[SourceDate "2017.09.30"]

1. d4 g6 2. h4 Bg7 3. h5 gxh5 4. e4 d5 5. e5 Bf5 6. Be2 e6 7. Bxh5 Nd7 8. Nf3
Bg6 9. Bg5 Ne7 10. Qd2 f6 11. exf6 Nxf6 12. Bxg6+ Nxg6 13. Nc3 Qd7 14. O-O-O
O-O-O 15. Ne5 Qe8 16. Rh3 Rd6 17. Qd3 Ne4 18. Nxe4 dxe4 19. Qxe4 Nxe5 20. dxe5
Rxd1+ 21. Kxd1 Qb5 22. Rd3 Qxe5 23. Qxe5 Bxe5 24. c3 Rf8 25. Ke2 Bd6 26. Rh3
1/2-1/2

[Event "SK Gescher 1 - SC Hiltrup 1"]
[Site "Verbandsklasse 2017/2018"]
[Date "2018.04.07"]
[Round "8.2"]
[White "Lanfer, Stefan"]
[Black "Junk, Phillip"]
[Result "1/2-1/2"]
[WhiteElo "1809"]
[BlackElo "1851"]
[PlyCount "42"]
[EventDate "2018.??.??"]
[SourceDate "2017.09.30"]

1. c4 e6 2. Nc3 Nf6 3. g3 d5 4. cxd5 exd5 5. d4 Be7 6. Bg2 O-O 7. e3 c6 8. Nge2
Bf5 9. O-O Nbd7 10. h3 Bd6 11. Nf4 h6 12. f3 Re8 13. Re1 Bxf4 14. exf4 Rxe1+
15. Qxe1 Bd3 16. g4 Qb6 17. Qf2 Nh7 18. Qe3 Ba6 19. g5 hxg5 20. fxg5 Kf8 21.
Qf4 Re8 1/2-1/2

[Event "SK Gescher 1 - SC Hiltrup 1"]
[Site "Verbandsklasse 2017/2018"]
[Date "2018.04.07"]
[Round "8.3"]
[White "Voigt, Stefan"]
[Black "Priebs, Ludger"]
[Result "1/2-1/2"]
[WhiteElo "1801"]
[BlackElo "1721"]
[PlyCount "40"]
[EventDate "2018.??.??"]
[SourceDate "2017.09.30"]

1. e4 c5 2. Nc3 e6 3. g3 Nc6 4. Bg2 g6 5. d3 Bg7 6. Be3 d6 7. Qd2 a6 8. Nge2 e5
9. h3 Be6 10. g4 Nd4 11. f4 f6 12. Nd5 Nxe2 13. Qxe2 Ne7 14. c3 Nxd5 15. exd5
Bf7 16. O-O-O Qa5 17. Kb1 O-O-O 18. Qf2 exf4 19. Bxf4 Qc7 20. Rhe1 Rhe8 1/2-1/2

[Event "SK Gescher 1 - SC Hiltrup 1"]
[Site "Verbandsklasse 2017/2018"]
[Date "2018.04.07"]
[Round "8.4"]
[White "Lanfer, Stefanie"]
[Black "Junk, Andreas"]
[Result "1-0"]
[WhiteElo "1810"]
[BlackElo "1759"]
[PlyCount "115"]
[EventDate "2018.??.??"]
[SourceDate "2017.09.30"]

1. e4 c5 2. Nf3 a6 3. d4 cxd4 4. c3 d3 5. Bxd3 d6 6. O-O Nd7 7. Qe2 Ngf6 8. Bg5
g6 9. Bxf6 exf6 10. Rd1 Ne5 11. Nxe5 fxe5 12. c4 Qc7 13. Nc3 Be6 14. Rac1 Rc8
15. b3 Be7 16. Qd2 h6 17. Nd5 Bxd5 18. cxd5 Qd8 19. Rxc8 Qxc8 20. Rc1 Qb8 21.
Qc3 Kd7 22. Be2 h5 23. Qh3+ Kd8 24. Bg4 f5 25. exf5 Bf6 26. Be2 g5 27. Bxh5 Kd7
28. Qf3 Rc8 29. Qd1 Rxc1 30. Qxc1 Qc7 31. Qxc7+ Kxc7 32. g3 Kb6 33. Kg2 Kc5 34.
Bf3 Kd4 35. Kh3 e4 36. Bd1 b6 37. Kg4 Kxd5 38. h4 gxh4 39. gxh4 Ke5 40. h5 d5
41. h6 d4 42. h7 d3 43. b4 b5 44. Bb3 e3 45. fxe3 Ke4 46. Bd1 Kxe3 47. Kh5 Ke4
48. Kg6 Ke5 49. Bg4 d2 50. Bd1 Bh8 51. Bc2 Bf6 52. Kf7 d1=Q 53. Bxd1 Kxf5 54.
Kg8 Ke4 55. Bg4 Kd4 56. Bc8 Kc3 57. Bxa6 Kxb4 58. Bc8 1-0

[Event "SK Gescher 1 - SC Hiltrup 1"]
[Site "Verbandsklasse 2017/2018"]
[Date "2018.04.07"]
[Round "8.5"]
[White "Wiltschut, Arne"]
[Black "Stein, Michael"]
[Result "1-0"]
[WhiteElo "1785"]
[BlackElo "1676"]
[PlyCount "67"]
[EventDate "2018.??.??"]
[SourceDate "2017.09.30"]

1. d4 Nf6 2. e3 d5 3. Bd3 c6 4. f4 Bg4 5. Nf3 Nbd7 6. Nbd2 e6 7. O-O Be7 8. Qe1
Bxf3 9. Rxf3 Qb6 10. c3 c5 11. Kh1 cxd4 12. exd4 O-O-O 13. Rf1 Qc7 14. Nf3 Rdf8
15. Ne5 Nxe5 16. fxe5 Ne8 17. Qe2 a6 18. a4 Qd7 19. Bd2 f5 20. exf6 Bxf6 21.
Bf4 Nc7 22. Rfc1 Kd8 23. b4 g5 24. Be5 h6 25. b5 a5 26. b6 Bxe5 27. Qxe5 Ne8
28. c4 Qd6 29. cxd5 exd5 30. Rc5 Qxb6 31. Rxd5+ Kc8 32. Bf5+ Rxf5 33. Qxf5+ Kb8
34. Qe5+ 1-0

[Event "SK Gescher 1 - SC Hiltrup 1"]
[Site "Verbandsklasse 2017/2018"]
[Date "2018.04.07"]
[Round "8.6"]
[White "Brands, Julian"]
[Black "Buchholz, Christian"]
[Result "1-0"]
[WhiteElo "1636"]
[BlackElo "1606"]
[PlyCount "99"]
[EventDate "2018.??.??"]
[SourceDate "2017.09.30"]

1. e4 c5 2. Nc3 Nc6 3. g3 Nf6 4. Bg2 g6 5. d3 Bg7 6. Be3 d6 7. h3 O-O 8. Qd2 a6
9. Nge2 Be6 10. Bh6 Qb6 11. O-O-O Bxa2 12. Bxg7 Qa5 13. Bxf8 Be6 14. Qh6 Rxf8
15. Nd5 Bxd5 16. exd5 Nb4 17. Nc3 Qa1+ 18. Kd2 Qxb2 19. Rc1 Nd7 20. h4 Ne5 21.
h5 Ng4 22. Qf4 Ne5 23. Bf1 Kg7 24. Be2 Qxc3+ 25. Kxc3 Nxd5+ 26. Kd2 Nxf4 27.
gxf4 Nd7 28. Bf3 b5 29. Ra1 Kf6 30. Rxa6 Rb8 31. Ra7 Nf8 32. Rb7 Rxb7 33. Bxb7
Ne6 34. Ke3 b4 35. hxg6 hxg6 36. Bd5 Nd4 37. Bb3 Nf5+ 38. Ke4 e6 39. Rh8 Nd4
40. Rc8 Nf5 41. Rc7 Nd4 42. Rd7 Nb5 43. Ke3 Nd4 44. Ke4 Nb5 45. f3 Nc3+ 46. Ke3
Nb5 47. Kf2 d5 48. Rb7 Nd6 49. Rc7 Kf5 50. Rd7 1-0

[Event "SK Gescher 1 - SC Hiltrup 1"]
[Site "Verbandsklasse 2017/2018"]
[Date "2018.04.07"]
[Round "8.7"]
[White "Haves, Daniel"]
[Black "Robers, Frank"]
[Result "1-0"]
[WhiteElo "1580"]
[BlackElo "1648"]
[PlyCount "53"]
[EventDate "2018.??.??"]
[SourceDate "2017.09.30"]

1. f4 d5 2. Nf3 Nf6 3. e3 Bg4 4. Be2 Bxf3 5. Bxf3 c6 6. O-O Nbd7 7. d4 Ne4 8.
Nd2 f5 9. Nxe4 dxe4 10. Be2 Nb6 11. c4 e6 12. b3 Be7 13. Bb2 O-O 14. Qe1 Bh4
15. g3 Be7 16. Rd1 Qe8 17. Qf2 Qf7 18. Qg2 Qg6 19. Kh1 Rad8 20. Rg1 Bf6 21. g4
h6 22. Qh3 Qe8 23. gxf5 exf5 24. Qxh6 g5 25. Rxg5+ Bxg5 26. Qxg5+ Kh7 27. Rg1
1-0